| 000 | 00579nam a22002417a 4500 | ||
|---|---|---|---|
| 003 | UA-OsUOA | ||
| 001 | 67923 | ||
| 007 | ta | ||
| 008 | 20100322b un ||||| |||| 00| 0 ukr d | ||
| 100 | _aLuczak M. | ||
| 090 | _a821.162.1-1 | ||
| 942 | _cBK | ||
| 040 |
_aUA-OsUOA _beng _cUA-OsUOA _dUA-OsUOA |
||
| 245 | _aKometa milosci | ||
| 300 | _a152 с. | ||
| 955 | _a2 | ||
| 041 | _aeng | ||
| 080 | _a821.162.1-1 | ||
| 020 | _a978-83-926994-8-4 | ||
| 260 |
_aPrzemysl _c2009 |
||
| 650 | 7 |
_a82 Література. Літературознавство _2UDC |
|
| 999 |
_c354022 _d354022 |
||